[Event "Tambov Korensky Memorial 27th"]
[Site "Tambov"]
[Date "2018.08.19"]
[Round "9"]
[White "Marjukov, Aleksey"]
[Black "Lukovnikov, Alexander"]
[Result "0-1"]
[WhiteElo "2023"]
[BlackElo "2162"]
[PlyCount "136"]
[EventDate "2018.08.11"]
[EventType "swiss"]
[EventRounds "9"]
[EventCountry "RUS"]
[SourceTitle "CBM 186 Extra"]
[Source "ChessBase"]
[SourceDate "2018.08.24"]
[SourceVersion "1"]
[SourceVersionDate "2018.08.24"]
[SourceQuality "1"]

1. e4 e5 2. Nf3 Nc6 3. Bc4 Nf6 4. d3 Be7 5. 0-0 d5 6. exd5 Nxd5 7. h3 0-0 8. Re1 Bf6 9. Nbd2 Nf4 10. Ne4 Ng6 11. Nfg5 Bxg5 12. Bxg5 Qd7 13. Qh5 Na5 14. Rad1 Nxc4 15. dxc4 Qc6 16. b3 f6 17. Bc1 Be6 18. a4 Rad8 19. Nc3 a6 20. Qe2 Bf7 21. Qe4 Qxe4 22. Nxe4 Be6 23. a5 Bf5 24. f3 Bxe4 25. fxe4 Kf7 26. Kf2 Rfe8 27. Be3 Ne7 28. b4 Ke6 29. c3 g6 30. g4 Rh8 31. Bc5 Rxd1 32. Rxd1 Nc6 33. Ra1 h5 34. b5 Nd8 35. Rb1 hxg4 36. hxg4 Rh2+ 37. Kg3 Ra2 38. Bb4 Nf7 39. Rd1 Rc2 40. Kf3 Ng5+ 41. Ke3 Rg2 42. b6 Rg3+ 43. Ke2 c5 44. Bxc5 Nxe4 45. Bb4 Rxc3 46. Rd8 Rxc4 47. Bf8 Rd4 48. Rc8 Rd7 49. Bb4 f5 50. gxf5+ gxf5 51. Re8+ Kd5 52. Rc8 Nd6 53. Bxd6 Kxd6 54. Ke3 Re7 55. Kd3 e4+ 56. Ke3 f4+ 57. Kxf4 e3 58. Rc1 e2 59. Re1 Kc6 60. Kf3 Kb5 61. Kf2 Kxa5 62. Ra1+ Kxb6 63. Ke1 a5 64. Rb1+ Ka6 65. Ra1 b5 66. Rc1 a4 67. Rc8 Ka5 68. Ra8+ Kb4 0-1

[Event "Tambov Korensky Memorial 27th"]
[Site "Tambov"]
[Date "2018.08.18"]
[Round "8"]
[White "Marjukov, Aleksey"]
[Black "Uryupin, Igor Nikolaevich"]
[Result "1-0"]
[WhiteElo "2023"]
[BlackElo "2262"]
[PlyCount "96"]
[EventDate "2018.08.11"]
[EventType "swiss"]
[EventRounds "9"]
[EventCountry "RUS"]
[SourceTitle "CBM 186 Extra"]
[Source "ChessBase"]
[SourceDate "2018.08.24"]
[SourceVersion "1"]
[SourceVersionDate "2018.08.24"]
[SourceQuality "1"]

1. e4 c5 2. Nf3 e6 3. d4 cxd4 4. Nxd4 Nf6 5. Bd3 Nc6 6. Nxc6 dxc6 7. 0-0 e5 8. Nd2 Be7 9. Nc4 Nd7 10. Qg4 g6 11. Qg3 f6 12. Bh6 b5 13. Ne3 a6 14. c4 Nc5 15. Bc2 b4 16. f4 Bd6 17. Rad1 Qe7 18. Rd2 Ne6 19. f5 Nf4 20. Ba4 Bd7 21. fxg6 0-0-0 22. g7 Rhg8 23. Rfd1 Kc7 24. Qf2 Bc5 25. Bxf4 exf4 26. Qxf4+ Qe5 27. Qf2 Bb6 28. c5 Qxc5 29. Re1 Qe5 30. Rc1 Kb7 31. Rxd7+ Rxd7 32. Bxc6+ Ka7 33. Bxd7 Qxe4 34. Re1 Rxg7 35. Bf5 Qe5 36. Qf3 Re7 37. Kf2 Qxb2+ 38. Re2 Qd4 39. Bc8 Kb8 40. Bxa6 f5 41. g3 Re4 42. Qxf5 Ka7 43. Qc8 Qg7 44. Bd3 Qf6+ 45. Kg2 Re7 46. Qa6+ Kb8 47. Nd5 Rxe2+ 48. Bxe2 Qf2+ 1-0